Nomes mais populares em Portugal (2023) - Statistics

Estatísticas Gerais
  • Esse quiz foi jogado 479 vezes
  • A pontuação média é 10 de 20
Estatísticas das Respostas
Nº de registos Resposta % Correto
4675 Maria
95%
1006 João
94%
1367 Francisco
65%
904 Miguel
58%
670 Beatriz
54%
1171 Afonso
53%
1011 Matilde
52%
836 Carolina
51%
654 Francisca
48%
1090 Leonor
48%
1061 Tomás
48%
902 Martim
47%
600 Margarida
45%
904 Gabriel
39%
1129 Duarte
34%
1111 Alice
33%
949 Vicente
27%
1118 Lourenço
26%
1002 Benedita
25%
616 Camila
20%
Nenhum quiz correspondente encontrado
Distribuição das Pontuações
Porcentagem de Pessoas com Cada Pontuação
Percentil de Números Respondidos
Sua Pontuação Histórica
Você não jogou esse quiz